BIBLIOTECA

SENCICO

Manual de fórmulas polinómicas (Registro nro. 3432)

Detalles MARC
000 -LEADER
fixed length control field 00608nam a2200157Ia 4500
005 - DATE AND TIME OF LATEST TRANSACTION
control field 20251020182614.0
008 - FIXED-LENGTH DATA ELEMENTS--GENERAL INFORMATION
fixed length control field 200515s9999 xx 000 0 und d
082 ## - DEWEY DECIMAL CLASSIFICATION NUMBER
Classification number SC/69:338.5:512.1/P45
245 #0 - TITLE STATEMENT
Title Manual de fórmulas polinómicas
260 ## - PUBLICATION, DISTRIBUTION, ETC.
Place of publication, distribution, etc. Lima
260 ## - PUBLICATION, DISTRIBUTION, ETC.
Date of publication, distribution, etc. 1980
300 ## - PHYSICAL DESCRIPTION
Extent 149
520 ## - SUMMARY, ETC.
Summary, etc. Contiene el título del Decreto Ley No. 21825 y demás normas reglamentarias y complementarias debidamente actualizadas, así como los índices unificados de precios de los elementos que determinan el costo de las obras, hasta el mes de Julio de 1980
650 ## - SUBJECT ADDED ENTRY--TOPICAL TERM
Topical term or geographic name entry element FORMULAS POLINOMICAS
942 ## - ADDED ENTRY ELEMENTS (KOHA)
Koha item type Libros
Existencias
Fecha de la última vez que lo usaron Pago total Signatura topográfica completa Código de barras Precio efectivo desde Tipo de documento Estado perdido Estado dañado No es para préstamo Retirado Ubicación permanente Ubicación actual Fecha de adquisición
15/05/2020   SC/69:338.5:512.1/P45 Bib-Lima15053432 15/05/2020 Libros         Biblioteca Central Lima Biblioteca Central Lima 15/05/2020